000 00333nam a2200145 4500
008 190522s2010||||cz d
100 1 _aMuldaĊĦev Ernst
_91136
245 1 0 _aZ koho jsme vznikli?
260 _bTML
_aBA
_c2010
250 _a1.vydanie
300 _a417S.
020 _a9788025483510
_c0
041 1 _acze
044 _acz
999 _c22437
_d22437